|
|
|
|
| LEADER |
00000nab a2200000 a 4500 |
| 001 |
vtls000931553 |
| 003 |
SK-MaSNL |
| 005 |
20260303034952.0 |
| 008 |
040720e20030916xo 0 slo |
| 035 |
|
|
|a KE40430
|
| 040 |
|
|
|a KEVKJB
|b slo
|c KEVKJB
|e AACR2
|
| 041 |
0 |
|
|a slo
|
| 044 |
|
|
|a xo
|c SK
|
| 080 |
|
|
|a 791
|2 1981
|
| 080 |
|
|
|a 111.85-055.25
|2 1981
|
| 245 |
0 |
0 |
|a Košičanka Mirka Luberdová sa stala druhou najkrajšou Európankou. Vicemiss: Vynálezy ? Nemohla by som žiť bez mobilného telefónu
|
| 300 |
|
|
|b Fotogr.
|
| 600 |
1 |
7 |
|a Luberdová, Miroslava,
|d 1985-,
|2 KEVKJB
|9 31612
|
| 611 |
1 |
7 |
|a Miss Europe 2003
|2 KEVKJB
|9 1021093
|
| 650 |
0 |
7 |
|a súťaže krásy
|2 KEVKJB
|9 22370
|
| 651 |
|
7 |
|a Košice (Slovensko)
|2 KEVKJB
|9 18694
|
| 773 |
0 |
8 |
|t Košický denník Korzár
|g Roč. 5, č.212, 16.9.2003, s. 3
|x 1335-4566
|
| 852 |
|
|
|a ZVYKNI
|b KIS3GCP
|
| 999 |
|
|
|c 1675559
|d 1677489
|